[Event "Kinross USSA op"]
[Site "Kinross"]
[Date "2018.07.04"]
[Round "5"]
[White "Buthelezi, Ncedo"]
[Black "Mamabolo, Mahlatse"]
[Result "0-1"]
[WhiteElo "1560"]
[BlackElo "1507"]
[PlyCount "65"]
[EventDate "2018.07.02"]
[EventType "swiss"]
[EventRounds "9"]
[EventCountry "RSA"]
[SourceTitle "CBM 185 Extra"]
[Source "ChessBase"]
[SourceDate "2018.07.29"]
[SourceVersion "1"]
[SourceVersionDate "2018.07.29"]
[SourceQuality "1"]

1. Nf3 c5 2. e3 d6 3. d4 cxd4 4. exd4 Nf6 5. Bd3 g6 6. 0-0 Bg7 7. Bf4 a6 8. a4 Nd5 9. Bd2 Qb6 10. c4 Nf6 11. Re1 Bg4 12. Nc3 Nc6 13. a5 Bxf3 14. gxf3 Qxd4 15. Be3 Qh4 16. Qb3 Rb8 17. c5 d5 18. Nxd5 Nxd5 19. Qxd5 0-0 20. Qb3 Be5 21. f4 Bxf4 22. Bxf4 Qxf4 23. Ra4 Nd4 24. Kf1 Qg4 25. Be2 Qe4 26. Qg3 Qh1+ 27. Qg1 Qxg1+ 28. Kxg1 e5 29. Bd1 f6 30. b4 Nc6 31. Bf3 Rfd8 32. Rd1 Nd4 33. Rd3 0-1

[Event "Kinross USSA op"]
[Site "Kinross"]
[Date "2018.07.03"]
[Round "4"]
[White "Roberts, Marcel Jude"]
[Black "Buthelezi, Ncedo"]
[Result "1/2-1/2"]
[WhiteElo "1854"]
[BlackElo "1560"]
[PlyCount "69"]
[EventDate "2018.07.02"]
[EventType "swiss"]
[EventRounds "9"]
[EventCountry "RSA"]
[SourceTitle "CBM 185 Extra"]
[Source "ChessBase"]
[SourceDate "2018.07.29"]
[SourceVersion "1"]
[SourceVersionDate "2018.07.29"]
[SourceQuality "1"]

1. e4 e6 2. d4 d5 3. Nc3 Nf6 4. Bg5 dxe4 5. Nxe4 Nbd7 6. Nxf6+ Nxf6 7. Nf3 Be7 8. Bd3 0-0 9. Qe2 c5 10. dxc5 Qa5+ 11. c3 Qxc5 12. Be3 Qc7 13. Bd4 Bd7 14. 0-0 Nd5 15. g3 Bf6 16. Qe4 g6 17. Ne5 Rfd8 18. c4 Nb4 19. Qf4 Bxe5 20. Bxe5 Nxd3 21. Bxc7 Nxf4 22. Bxd8 Ne2+ 23. Kg2 Rxd8 24. Rad1 Bc6+ 25. Kh3 Rd4 26. Rxd4 Nxd4 27. f4 Kg7 28. g4 h6 29. Rf2 f6 30. Kg3 e5 31. Rd2 a5 32. b3 Ne6 33. fxe5 fxe5 34. h4 Kf6 35. a3 1/2-1/2

[Event "Witwatersrand op"]
[Site "Witwatersrand"]
[Date "2017.07.04"]
[Round "3.15"]
[White "Mlungwana, Mxolisi"]
[Black "Buthelezi, Ncedo"]
[Result "0-1"]
[WhiteElo "500"]
[BlackElo "1552"]
[PlyCount "106"]
[EventDate "2017.07.03"]
[EventType "swiss"]
[EventRounds "9"]
[EventCountry "RSA"]
[SourceTitle "EXT 2018"]
[Source "ChessBase"]
[SourceDate "2017.10.13"]
[SourceVersion "1"]
[SourceVersionDate "2017.10.13"]
[SourceQuality "1"]

1. Nf3 Nf6 2. d4 d5 3. c4 e6 4. Nc3 c6 5. Bg5 Nbd7 6. e3 Qb6 7. Qc2 h6 8. Bh4 g5 9. Bg3 Nh5 10. c5 Qd8 11. Be5 Nxe5 12. Nxe5 Bg7 13. Ng6 Rg8 14. Be2 Bxd4 15. Bxh5 Bxc3+ 16. bxc3 fxg6 17. Bxg6+ Kf8 18. 0-0 Qf6 19. Bh7 Rg7 20. f4 g4 21. f5 e5 22. Bg6 Bd7 23. Rad1 Qg5 24. e4 Qe3+ 25. Kh1 Qxc5 26. exd5 cxd5 27. f6 Rg8 28. Bh7 Rg5 29. Qb3 Bc6 30. Rde1 g3 31. Re3 Kf7 32. Rxg3 Rxg3 33. hxg3 Rh8 34. Bb1 Bb5 35. Rf3 Rc8 36. Qc2 e4 37. Kh2 Ba4 38. Qxa4 exf3 39. Qd7+ Kxf6 40. Qf5+ Ke7 41. Qh7+ Kd8 42. Bf5 Qe7 43. Qg8+ Qe8 44. Qxe8+ Kxe8 45. gxf3 Rxc3 46. Be6 Rc2+ 47. Kh3 d4 48. Bb3 Rf2 49. Kg4 d3 50. Kh5 Rxf3 51. g4 d2 52. Kxh6 Rxb3 53. axb3 d1Q 0-1

[Event "RSA-chT U20"]
[Site "Cape Town"]
[Date "2016.01.05"]
[Round "4.2"]
[White "Buthelezi, Ncedo"]
[Black "Bekker, Wouter"]
[Result "1-0"]
[WhiteElo "1574"]
[BlackElo "1256"]
[PlyCount "103"]
[EventDate "2016.01.04"]
[EventType "team-tourn"]
[EventRounds "7"]
[EventCountry "RSA"]
[SourceTitle "CBM 170 Extra"]
[Source "ChessBase"]
[SourceDate "2016.02.25"]
[SourceVersion "1"]
[SourceVersionDate "2016.02.25"]
[SourceQuality "1"]
[WhiteTeam "Ekurhuleni"]
[BlackTeam "Bojanala Platina"]
[WhiteTeamCountry "RSA"]
[BlackTeamCountry "RSA"]

1. d4 Nf6 2. Nf3 g6 3. c4 Bg7 4. Nc3 0-0 5. Bf4 d6 6. e3 c5 7. Be2 Qb6 8. Qc2 cxd4 9. exd4 Bf5 10. Bd3 Bxd3 11. Qxd3 Qxb2 12. Rb1 Qa3 13. Rxb7 Nc6 14. 0-0 Rab8 15. Rfb1 Rxb7 16. Rxb7 Re8 17. Qc2 Qa6 18. Rb5 Rb8 19. a4 Nd7 20. Be3 Nd8 21. Nd5 Kf8 22. Qb3 Rxb5 23. Qxb5 Qxb5 24. cxb5 Nb6 25. Nxb6 axb6 26. d5 Nb7 27. Bxb6 Bc3 28. Nd4 Ba5 29. Bxa5 Nxa5 30. Nc6 Nc4 31. a5 Ke8 32. b6 Nxa5 33. Nxa5 Kd7 34. Kf1 e5 35. Ke2 f5 36. Kd3 g5 37. h3 h5 38. g3 g4 39. hxg4 hxg4 40. Kc3 f4 41. Kb4 e4 42. Nc4 e3 43. Nxe3 fxe3 44. fxe3 Kc8 45. Kb5 Kb7 46. e4 Kb8 47. Kc6 Kc8 48. Kxd6 Kb7 49. Kc5 Kb8 50. Kc6 Kc8 51. b7+ Kb8 52. d6 1-0